Blue lock RIVALS powershots - Statistics

General Stats
  • This quiz has been taken 188 times
    182 since last reset
  • The average score is 14 of 21
Answer Stats
Hint Answer % Correct
Rin Curve shot
92%
Shidou Big bang drive
85%
Shidou Dragon drive
83%
Kunigami Power shot
81%
Nagi Trap
80%
Isagi Direct shot
79%
Shidou Dragon header
76%
Sae Beautiful shot
73%
Yukimiya Gyro shot
73%
Kunigami Joker
67%
Sae You'll never surpass me
67%
Kunigami Fallen hero
61%
Nagi I am Nagi
61%
Rin SCORE
60%
Isagi Final shot
58%
Shidou x Sae Chemical reaction
55%
King Devour
55%
Don Lorenzo Counter attack
53%
Otoya Ninja Shot
49%
King Kings Impact
47%
Bachira Monster trance
41%
No matching quizzes found
Score Distribution
Percent of People with Each Score
Percentile by Number Answered
Your Score History
You have not taken this quiz since the last reset